| 000 | 02606cam a22002054a 4500 | ||
|---|---|---|---|
| 005 | 20250605164005.0 | ||
| 008 | 250528s ||||||||||||||||||||||||d | ||
| 035 | _a15763 | ||
| 020 | _a9607306139 | ||
| 040 |
_aGR-AtMCL _bgre _dGR-AtMCL _eAACR2 |
||
| 245 | 1 |
_aΔιεθνές Εξαγωγικό Μάρκετινγκ. _nΤόμος I |
|
| 260 |
_bΑ.Σταμουλης, _c1995 |
||
| 300 | _a496 | ||
| 505 | 0 | _aΤο Διεθνές Μάρκετινγκ και το Σύγχρονο Περιβάλλον, Το Διεθνές Περιβάλλον, Το Διεθνές Πολιτιστικό Περιβάλλον, Το Διεθνές Πολιτικό και Νομικό Περιβάλλον, Η Ανάγκη Πληροφοριών και η Επιτυχής Είσοδος στην Αγορά του Εξωτερικού, Το Σύστημα Πληροφοριών και η Επιτυχής Είσοδος στην Αγορά του Εξωτερικού, Η Εξαγωγική Πρόγνωση και η Επιλογή Μεθόδου Εισόδου στις Αγορές του Εξωτερικου, Το Εξαγωγικό Στρατηγικό Πρόγραμμα Μάρκετινγκ, Η Διεθνής Πολιτική Προιόντος, Η Διεθνής Τιμολογιακή Πολιτική, Η Διεθνής Διαφήμιση - Επικοινωνία, Η Διεθνής Διανομή, Επίλογος, Βιβλιογραφία. | |
| 520 | _aΤο Διεθνές Μάρκετινγκ και το Σύγχρονο Περιβάλλον, Το Διεθνές Περιβάλλον, Το Διεθνές Πολιτιστικό Περιβάλλον, Το Διεθνές Πολιτικό και Νομικό Περιβάλλον, Η Ανάγκη Πληροφοριών και η Επιτυχής Είσοδος στην Αγορά του Εξωτερικού, Το Σύστημα Πληροφοριών και η Επιτυχής Είσοδος στην Αγορά του Εξωτερικού, Η Εξαγωγική Πρόγνωση και η Επιλογή Μεθόδου Εισόδου στις Αγορές του Εξωτερικου, Το Εξαγωγικό Στρατηγικό Πρόγραμμα Μάρκετινγκ, Η Διεθνής Πολιτική Προιόντος, Η Διεθνής Τιμολογιακή Πολιτική, Η Διεθνής Διαφήμιση - Επικοινωνία, Η Διεθνής Διανομή, Επίλογος, Βιβλιογραφία. | ||
| 700 | 1 |
_aΠανηγυράκης Γεώργιος Γ _91742 |
|
| 942 | _cBK | ||
| 999 |
_c1318 _d1318 |
||